Greek Gods by their sacred animals - Statistics

General Stats
  • This quiz has been taken 393 times
  • The average score is 12 of 14
Answer Stats
Picture Answer % Correct
zeus
99%
athena
96%
hera
96%
aphrodite
95%
artemis
91%
ares
88%
hermes
88%
apollo
87%
hades
85%
dionysus
79%
poseidon
77%
demeter
73%
hephaestus
73%
hestia
67%
No matching quizzes found
Score Distribution
Percent of People with Each Score
Percentile by Number Answered
Your Score History
You have not taken this quiz